Central Library OPAC University of Rajshahi

The fungi : (Record no. 14350)

MARC details
000 -LEADER
fixed length control field 01127nam a2200301 a 4500
001 - CONTROL NUMBER
control field 14350
003 - CONTROL NUMBER IDENTIFIER
rucl marc code BD-RjUL
005 - DATE AND TIME OF LATEST TRANSACTION
control field 20211208235619.0
008 - FIXED-LENGTH DATA ELEMENTS--GENERAL INFORMATION
fixed length control field 161004m19731966nyua b 001 0 eng d
020 ## - INTERNATIONAL STANDARD BOOK NUMBER
International Standard Book Number 0120456443 (v.4B)
035 ## - SYSTEM CONTROL NUMBER
System control number (BD-RjUL)14402
040 ## - CATALOGING SOURCE
Original cataloging agency BD-RjUL
Language of cataloging eng
Transcribing agency BD-RjUL
041 ## - LANGUAGE CODE
Language code of text/sound track or separate title eng
082 ## - DEWEY DECIMAL CLASSIFICATION NUMBER
Classification number 579.5
Author mark and year FUN 1966-1973
245 04 - TITLE STATEMENT
Title The fungi :
Remainder of title an advanced treatise /
Statement of responsibility, etc. edited by G.C. Ainsworth, Frederick K. Sparrow , Alfred S. Sussman
260 ## - PUBLICATION, DISTRIBUTION, ETC. (IMPRINT)
Place of publication, distribution, etc. New York ;
-- London :
Name of publisher, distributor, etc. Academic Press,
Date of publication, distribution, etc. c1966-1973
300 ## - PHYSICAL DESCRIPTION
Pagination 4 v. :
Illustrations ill. ;
Size 24 cm
500 ## - GENERAL NOTE
General note In 4 volumes, bound in 5
504 ## - BIBLIOGRAPHY, ETC. NOTE
Bibliography, etc Includes indexes and bibliographies and index.
505 0# - FORMATTED CONTENTS NOTE
Formatted contents note v. 1. The fungal cell.--v. 2. The fungal organism.--v. 3. The fungal population.--v. 4A. A taxonomic review with keys: Ascomycetes and Fungi Imperfecti.
650 #0 - SUBJECT ADDED ENTRY--TOPICAL TERM
Topical term or geographic name as entry element Fungi
9 (RLIN) 44791
700 1# - ADDED ENTRY--PERSONAL NAME
Personal name Ainsworth, G. C.
Fuller form of name (Geoffrey Clough),
Dates associated with a name 1905-1998
Personal name Sussman, Alfred Sheppard.
Personal name Sparrow, F. K.
Fuller form of name (Frederick Kroeber),
Dates associated with a name 1903-
942 ## - ADDED ENTRY ELEMENTS (KOHA)
Source of classification or shelving scheme Dewey Decimal Classification
Koha item type Books
Holdings
Lost status Source of classification or shelving scheme Damaged status Not for loan Collection code Permanent Location Current Location Shelving location Date acquired Source of acquisition Cost, normal purchase price Total Checkouts Full call number Date last seen Copy number Koha item type
  Dewey Decimal Classification     Non-fiction Central Library, University of Rajshahi Central Library, University of Rajshahi   27/03/1980 Heffer 33.50   579.5 FUN V-4 1973 05/02/2014 C-2 Books
  Dewey Decimal Classification     Non-fiction Central Library, University of Rajshahi Central Library, University of Rajshahi   27/03/1980 Heffers 39.00   579.5 FUN V-2 1966 04/10/2016 C-2 Books
  Dewey Decimal Classification   Not For Loan Non-fiction Central Library, University of Rajshahi Central Library, University of Rajshahi Reading Room 13/06/1967 Asia Foundation     579.5 FUN V-1 1965 22/03/2017 C-1 Books
  Dewey Decimal Classification   Not For Loan Non-fiction Central Library, University of Rajshahi Central Library, University of Rajshahi Reading Room 07/05/1970 Zeitlinger 267.00   579.5 FUN V-2 1966 06/04/2017 C-1 Books
  Dewey Decimal Classification   Not For Loan Non-fiction Central Library, University of Rajshahi Central Library, University of Rajshahi Reading Room 19/04/1977 Hefffer and sons 22.40   579.5 FUN V-4,Pt.B 1973 21/05/2017 C-1 Books
  Dewey Decimal Classification   Not For Loan Non-fiction Central Library, University of Rajshahi Central Library, University of Rajshahi Reading Room 13/05/1966 Asia Fundation 22.40   579.5 FUN V-3 1968 21/05/2017 C-1 Books
  Dewey Decimal Classification   Not For Loan Non-fiction Central Library, University of Rajshahi Central Library, University of Rajshahi Reading Room 27/03/1980 Hefffer and sons 32.50   579.5 FUN V-4,Pt.A 1973 21/05/2017 C-1 Books
  Dewey Decimal Classification     Non-fiction Central Library, University of Rajshahi Central Library, University of Rajshahi   27/03/1980 Heffer and Sons 39.00   579.5 FUN V-3 1968 22/05/2017 C-2 Books
  Dewey Decimal Classification     Non-fiction Central Library, University of Rajshahi Central Library, University of Rajshahi   14/06/1977 Hefffer and sons     579.5 FUN V-4,Pt.A 1973 22/05/2017 C-2 Books